01648nam a2200445Ia 4500001000900000003000500009005001700014008004100031010001100072020002200083040000900105082002100114100003000135245014500165260005300310300001500363440004000378503000800418504002800426590002200454650003200476650003000508650002300538650002000561650002200581650002800603650002600631650003900657650002100696650002200717700003700739700003600776901002100812902000600833905006300839942001500902999001900917952013900936952012701075dia_6563CHAP20230316094847.0220117s2015 xx 000 0 und d a177546 a978-1-4471-6430-2 cCHAP a665.776 R84 2015 aRuggeri, Bernardo9161469 aBioH2 & BioCH4 through anaerobic digestion : from research to full-scale applications /c Bernardo Ruggeri, Tonia Tommasi y Sara Sanfilippo aEstados Unidos de América :b Springer,c2015 axx, 218 p. aGreen energy and technology9161470 aC/e aIncluye bibliografías aTD756.45 R84 2015 aAnaerobic digestion9154964 aBiocombustibles 9151002 aBiofuels 9151003 aBiogas 912740 aBiogás 912740 aBiohidrógeno 9161471 aBiohydrogen 9161472 aDigestión anaeróbica 9134402 aMetano 9160412 aMethane 9160413 aSanfilippo, Sara, coaut.9161473 aTommasi, Tonia, coaut. 9161474 a665.776 R84 2015 aA a5232272015 -usaimn8222223322eng16 cLIBRO2ddc c177546d177546 00102ddc40708GRALaIA_bIA_d2022-01-18f1l1o665.776 R84 2015pdia_010801r2022-08-19 00:00:00s2022-08-19t2w2022-01-18yLIBRO 00102ddc40708GRALaIA_bIA_d2022-01-18f1l0o665.776 R84 2015pdia_010800r2022-01-18 00:00:00t1w2022-01-18yLIBRO